000 01037nam a2200289 a 4500
001 000044270
003 DO-SdBNP
005 20180327130012.0
007 000044270
008 140612s2011 dr a 000 0 spa d
020 _a9789945173420
040 _aBPMSU
_bspa
_cBPMSU
092 _axxxxxx
_bxxxxxx
100 1 _aMartínez, Gregorio,
_d1984-
245 1 0 _a¡Quiero aprender a escribir!... pero me falta una butaca pito y baman /
_cGregorio Martínez ; dirección editorial Luis Miguel Aguas Vanin ; ilustraciones Monserrat Ubach Figueras.
260 _aSanto Domingo :
_bSM,
_c2011.
300 _a156 p. :
_bil. ;
_c19 cm.
490 1 _aEl barco de vapor
_v10
500 _aIncluye datos biográficos del autor en la contracubierta
586 _aEl barco de vapor 2009
700 1 _aAguas Vanin, Luis Miguel,
_eed.
700 1 _aUbach Figueras, Monserrat,
_eils.
830 0 _aEl barco de vapor
_n10
942 _2ddc
_cBK
945 _aTítulo remanejado para BNPHU / 2017 VM
956 _aVMATEO
_b10
_c20150716
_lBPMSU
_h00151
999 _c7539
_d7539